Κατάλογος Βιβλιοθηκών Mediterranean College

Theories of Race and Ethnic Relations (Record no. 2433)

MARC details
000 -LEADER
fixed length control field 01714cam a22002054a 4500
005 - ΗΜΕΡΟΜΗΝΙΑ ΚΑΙ ΩΡΑ ΤΕΛΕΥΤΑΙΑΣ ΕΝΗΜΕΡΩΣΗΣ
Πεδίο ελέγχου 20250605164041.0
008 - FIXED-LENGTH DATA ELEMENTS--GENERAL INFORMATION
Πεδίο ελέγχου σταθερού μήκους 250528s ||||||||||||||||||||||||d
035 ## - SYSTEM CONTROL NUMBER
System control number 16992
020 ## - ISBN
ISBN 521369398
040 ## - ΠΗΓΗ ΚΑΤΑΛΟΓΟΓΡΑΦΗΣΗΣ
Φορέας πρωτότυπης καταλογογράφησης MC Athens Campus Library
Γλώσσα καταλογογράφησης Ελληνικά, Μοντέρνα (1453-)
Modifying agency MC Athens Campus Library
Κανόνες περιγραφικής καταλογογράφησης AACR2
245 1# - ΤΙΤΛΟΣ ΚΑΙ ΔΗΛΩΣΗ ΥΠΕΥΘΥΝΟΤΗΤΑΣ
Τίτλος Theories of Race and Ethnic Relations
260 ## - PUBLICATION, DISTRIBUTION, ETC.
Name of publisher, distributor, etc. Cambridge University Press,
Date of publication, distribution, etc. 1992
300 ## - PHYSICAL DESCRIPTION
Extent 352
520 ## - SUMMARY, ETC.
Summary, etc. This book brings together internationally known scholars from a wide range of disciplines and theoretical traditions, all of whom have made significant contributions to the field of race and ethnic relations. Preface, Introduction: Controversies and Continuities in Race and Ethic Relations Theory, Intersecting Strands in the Theorization of Race and Ethnic Relations, Epistemological Assumptions in the Study of Racial Differentiation, The Role of Class Analysis in the Study of Race Relations - A Weberian Perspective, Varieties of Marxist Conceptions of ''Race'' and Class and the State: A Critical Analysis, Class Concepts and Class Struggle and Racism, A Political Analysis of Local Struggles for Racial Equality, Ethnicity and Third Word Development: Political and Academic Contexts, Social Anthropological Models of Inter-Ethnic Relations, Pluralism and Race and Ethnicity in Selected African Countries, Ethnicity and the Sociobiology Debate, Rational Choice Theory and the Study of Race and Ethnic Relations, The ''Chicago School'' of American Sociology and Symbolic Interactionism and Race Relations Theory, The Operationalization of Identity Theory in Racial and Ethnic Relations, Bibliography, Index.
700 1# - ΠΡΟΣΘΕΤΗ ΑΝΑΓΡΑΦΗ--ΦΥΣΙΚΟ ΠΡΟΣΩΠΟ
Personal name Mason David
9 (RLIN) 3114
700 1# - ΠΡΟΣΘΕΤΗ ΑΝΑΓΡΑΦΗ--ΦΥΣΙΚΟ ΠΡΟΣΩΠΟ
Personal name Rex John
9 (RLIN) 3111
942 ## - ADDED ENTRY ELEMENTS (KOHA)
Koha item type Books
Holdings
Τύπος τεκμηρίου Βιβλιοθήκη Τρέχουσα τοποθεσία Barcode Αριθμός εισαγωγής Ημερομηνία απόκτησης Ταξιθετικό σύμβολο Αριθμός αντιτύπου Κατάσταση απόσυρσης Κατάσταση χαμένου Κατάσταση κατεστραμμένου Μη δανεισμός Σύνολο δανεισμών Ημερομηνία τελευταίας εμφάνισης Η τιμή ισχύει από
Books MC Athens Campus Library MC Athens Campus Library 9780000024329 6444 05/06/2025 305.8 REX 1           05/06/2025 05/06/2025

MC Athens Campus Library
Πατησίων 94 & Κοδριγκτώνος 13, 104 34
Πελλήνης 8 & Πατησίων 107, 112 51
Τ: +30 210 8899600

MC Thessaloniki Campus Library
Ίωνος Δραγούμη 21, 54625 | Ίωνος Δραγούμη 15, 54625
Τ: +30 2310 287779 – Τ: +30 2314 440300